| 000 | 003600000a22001570004500 | ||
|---|---|---|---|
| 005 | 20120302064528.0 | ||
| 942 | _cBOOK | ||
| 100 | _a Joshi,L.M. | ||
| 245 | _a Gayatri Mantra:Sadhana ani samarthya | ||
| 250 | _a 1st | ||
| 260 | _aMumbai:Raghuvanshi prakashan,1979. | ||
| 300 | _aviii;144p. | ||
| 040 | _aMar | ||
| 365 | _b12/- | ||
| 650 | _aGayatri mantra | ||
| 999 |
_c362386 _d362383 |
||